Delivering justice : (Record no. 1982)

MARC details
000 -LEADER
fixed length control field 02570cam a2200385 a 4500
001 - CONTROL NUMBER
control field 1982
003 - CONTROL NUMBER IDENTIFIER
control field FISKH
005 - DATE AND TIME OF LATEST TRANSACTION
control field 20231024104811.0
008 - FIXED-LENGTH DATA ELEMENTS--GENERAL INFORMATION
fixed length control field 050421s2005 maua j 000 0beng
010 ## - LIBRARY OF CONGRESS CONTROL NUMBER
LC control number 2005047114
020 ## - INTERNATIONAL STANDARD BOOK NUMBER
International Standard Book Number 0545900611
020 ## - INTERNATIONAL STANDARD BOOK NUMBER
International Standard Book Number 9780545900614
040 ## - CATALOGING SOURCE
Original cataloging agency DLC
Transcribing agency DLC
Modifying agency DLC
Language of cataloging eng
043 ## - GEOGRAPHIC AREA CODE
Geographic area code n-us-ga
050 00 - LIBRARY OF CONGRESS CALL NUMBER
Classification number F294.S2
Item number H24 2005
082 00 - DEWEY DECIMAL CLASSIFICATION NUMBER
Classification number 323/.092
-- B
Edition number 22
100 1# - MAIN ENTRY--PERSONAL NAME
Personal name Haskins, Jim,
Dates associated with a name 1941-2005.
245 10 - TITLE STATEMENT
Title Delivering justice :
Remainder of title W.W. Law and the fight for civil rights /
Statement of responsibility, etc. Jim Haskins ; illustrated by Benny Andrews.
260 ## - PUBLICATION, DISTRIBUTION, ETC.
Place of publication, distribution, etc. New York :
Name of publisher, distributor, etc. Scholastic,
Date of publication, distribution, etc. 2005.
300 ## - PHYSICAL DESCRIPTION
Extent 32 unnumbered pages :
Other physical details color illustrations ;
Dimensions 28 cm
505 ## - FORMATTED CONTENTS NOTE
Formatted contents note V<br/>
520 ## - SUMMARY, ETC.
Summary, etc. A gripping biography of the mail carrier who orchestrated the Great Savannah boycott -- and was instrumental in bringing equality to his community. "Grow up and be somebody," Westley Wallace Law's grandmother encouraged him as a young boy living in poverty in segregated Savannah, Georgia. Determined to make a difference in his community, W.W. Law assisted blacks in registering to vote, joined the NAACP and trained protestors in the use of nonviolent civil disobedience, and, in 1961, led the Great Savannah Boycott. In that famous protest, blacks refused to shop in downtown Savannah. When city leaders finally agreed to declare all of its citizens equal, Savannah became the first city in the south to end racial discrimination. A lifelong mail carrier for the U.S. Postal Service, W.W. Law saw fostering communication between blacks and whites as a fundamental part of his job. As this affecting, strikingly illustrated biography makes clear, this "unsung hero" delivered far more than the mail to the citizens of the city he loved.
521 8# - TARGET AUDIENCE NOTE
Target audience note 850<br/>
Source Lexile AD<br/>
521 8# - TARGET AUDIENCE NOTE
Target audience note V
Source Raz-Plus<br/>
600 10 - SUBJECT ADDED ENTRY--PERSONAL NAME
Personal name Law, W. W.
Fuller form of name (Westley Wallace),
Dates associated with a name 1923-2002
Form subdivision Juvenile literature.
650 #0 - SUBJECT ADDED ENTRY--TOPICAL TERM
Topical term or geographic name entry element African American civil rights workers
Geographic subdivision Georgia
-- Savannah
Form subdivision Biography
-- Juvenile literature.
650 #0 - SUBJECT ADDED ENTRY--TOPICAL TERM
Topical term or geographic name entry element Civil rights workers
Geographic subdivision Georgia
-- Savannah
Form subdivision Biography
-- Juvenile literature.
650 #0 - SUBJECT ADDED ENTRY--TOPICAL TERM
Topical term or geographic name entry element African Americans
General subdivision Civil rights
Geographic subdivision Georgia
-- Savannah
General subdivision History
Chronological subdivision 20th century
Form subdivision Juvenile literature.
650 #0 - SUBJECT ADDED ENTRY--TOPICAL TERM
Topical term or geographic name entry element Civil rights movements
Geographic subdivision Georgia
-- Savannah
General subdivision History
Chronological subdivision 20th century
Form subdivision Juvenile literature.
651 #0 - SUBJECT ADDED ENTRY--GEOGRAPHIC NAME
Geographic name Savannah (Ga.)
General subdivision Race relations
Form subdivision Juvenile literature.
651 #0 - SUBJECT ADDED ENTRY--GEOGRAPHIC NAME
Geographic name Savannah (Ga.)
Form subdivision Biography
-- Juvenile literature.
700 1# - ADDED ENTRY--PERSONAL NAME
Personal name Andrews, Benny,
Dates associated with a name 1930-2006,
Relator term illustrator
906 ## - LOCAL DATA ELEMENT F, LDF (RLIN)
a 7
b cbc
c orignew
d 1
e ocip
f 20
g y-gencatlg
942 ## - ADDED ENTRY ELEMENTS (KOHA)
Source of classification or shelving scheme Dewey Decimal Classification
Koha item type Books
Suppress in OPAC No
Holdings
Withdrawn status Lost status Source of classification or shelving scheme Damaged status Not for loan Collection Home library Current library Shelving location Date acquired Total Checkouts Full call number Barcode Date last seen Price effective from Koha item type
    Dewey Decimal Classification     Non-Fiction Footprints International School Library Network Toul Kork Campus Footprints International School Library Network Toul Kork Campus A TK Campus, 4th Floor, Room B401, Non-Fiction Bookcases(7-8) 10/24/2023   HAS 323.092 F294.S2 FISTK05515 10/24/2023 10/24/2023 Books